Năng lượng nguyên tử

Gardado en:
Detalles Bibliográficos
Autor Principal: K.A.Gladkov
Formato: Libro
Idioma:Undetermined
Publicado: Hà Nội KH&KT 1981
Những chủ đề:
Các nhãn: Engadir etiqueta
Sen Etiquetas, Sexa o primeiro en etiquetar este rexistro!
Thư viện lưu trữ: Trung tâm Học liệu Trường Đại học Cần Thơ
LEADER 00443nam a2200169Ia 4500
001 CTU_46260
008 210402s9999 xx 000 0 und d
082 |a 621.48 
082 |b G542 
100 |a K.A.Gladkov 
245 0 |a Năng lượng nguyên tử 
245 0 |c K.A.Gladkov 
260 |a Hà Nội 
260 |b KH&KT 
260 |c 1981 
650 |a nuclear engineering 
980 |a Trung tâm Học liệu Trường Đại học Cần Thơ